00411nam a2200169Ia 4500003000400000005001700004008004100021040000700062041001200069082001900081100002300100245003000123260003900153365001300192650001400205650002200219OSt20250728110934.0210423s2000 xx 000 0 und d cAL aEnglish a307.762 bMAHL aShriram Maheshwari aLocal government in India aAgrabEducational Publishersc2000 b100cINR aSociology aUrban Communities